| 000 | 00765nam a2200241 a 4500 | ||
|---|---|---|---|
| 001 | 000019988 | ||
| 005 | 20200929170223.0 | ||
| 008 | 100709s1968 sp 001 f spa d | ||
| 040 |
_aDO-SdBNP _bspa _cBNPHU |
||
| 082 |
_a863.6 _bP153a, 1968 |
||
| 100 | 1 |
_aPalacio Valdés, Armando, _d1853-1938 _941846 |
|
| 245 | 1 | 3 |
_aLa aldea perdida / _cArmando Palacio Valdés. |
| 250 | _a6a ed. | ||
| 260 |
_aMadrid : _bEspasa-Calpe, _c1968. |
||
| 300 |
_a264, [16] p. ; _c18 cm. |
||
| 490 | 1 |
_aAustral. Azul: novelas y cuentos en general _v368 |
|
| 500 | _aIncluye índice de autores. | ||
| 650 | 4 |
_aNovela española _91123 |
|
| 650 | 4 |
_aLiteratura española _9632 |
|
| 830 | 0 |
_aAustral. _pAzul: novelas y cuentos en general. _v368 _922386 |
|
| 910 | _aWM | ||
| 049 | _aBNGR | ||
| 999 |
_c19500 _d19500 |
||